Statistics for Generation 7 Pokémon (Alola Region)

Click here to take the quiz!

General Stats

  • This quiz has been taken 75 times
  • The average score is 67 of 88

Answer Stats

NumberTypeAnswer% Correct
#0722Grass/FlyingRowlet
100%
#0725FireLitten
98%
#0727Fire/DarkIncineroar
95%
#0728WaterPopplio
95%
#0723Grass/FlyingDartrix
93%
#0730Water/FairyPrimarina
93%
#0726FireTorracat
93%
#0737Bug/ElectricCharjabug
91%
#0731Normal/FlyingPikipek
91%
#0733Normal/FlyingToucannon
91%
#0734NormalYungoos
91%
#0729WaterBrionne
88%
#0724Grass/GhostDecidueye
88%
#0735NormalGumshoos
88%
#0792Psychic/GhostLunala
88%
#0809SteelMelmetal
88%
#0808SteelMeltan
88%
#0738Bug/ElectricVikavolt
88%
#0789PsychicCosmog
86%
#0791Psychic/SteelSolgaleo
86%
#0732Normal/FlyingTrumbeak
86%
#0794Bug/FightingBuzzwole
84%
#0790PsychicCosmoem
84%
#0736BugGrubbin
84%
#0740Fighting/IceCrabominable
81%
#0739FightingCrabrawler
81%
#0743Bug/FairyRibombee
81%
#0757Poison/FireSalandit
81%
#0758Poison/FireSalazzle
81%
#0742Bug/FairyCutiefly
79%
#0799Dark/DragonGuzzlord
79%
#0782DragonJangmo-o
79%
#0778Ghost/FairyMimikyu
79%
#0803PoisonPoipole
79%
#0787Grass/FairyTapu Bulu
79%
#0785Electric/FairyTapu Koko
79%
#0752Water/BugAraquanid
77%
#0780Normal/DragonDrampa
77%
#0784Dragon/FightingKommo-o
77%
#0745RockLycanroc
77%
#0802Fighting/GhostMarshadow
77%
#0749GroundMudbray
77%
#0750GroundMudsdale
77%
#0795Bug/FightingPheromosa
77%
#0744RockRockruff
77%
#0805Rock/SteelStakataka
77%
#0788Water/FairyTapu Fini
77%
#0786Psychic/FairyTapu Lele
77%
#0776Fire/DragonTurtonator
77%
#0751Water/BugDewpider
74%
#0781Ghost/GrassDhelmise
74%
#0798Grass/SteelKartana
74%
#0747Poison/WaterMareanie
74%
#0741Fire/FlyingOricorio
74%
#0769Ghost/GroundSandygast
74%
#0777Electric/SteelTogedemaru
74%
#0748Poison/WaterToxapex
74%
#0783Dragon/FightingHakamo-o
72%
#0801Steel/FairyMagearna
72%
#0804Poison/DragonNaganadel
72%
#0800PsychicNecrozma
72%
#0770Ghost/GroundPalossand
72%
#0807ElectricZeraora
72%
#0760Normal/FightingBewear
70%
#0793Rock/PoisonNihilego
70%
#0746WaterWishiwashi
70%
#0761GrassBounsweet
67%
#0753GrassFomantis
67%
#0768Bug/WaterGolisopod
67%
#0754GrassLurantis
67%
#0763GrassTsareena
67%
#0796ElectricXurkitree
67%
#0806Fire/GhostBlacephalon
65%
#0779Water/PsychicBruxish
65%
#0774Rock/FlyingMinior
65%
#0765Normal/PsychicOranguru
65%
#0762GrassSteenee
65%
#0759Normal/FightingStufful
65%
#0797Steel/FlyingCelesteela
63%
#0766FightingPassimian
63%
#0767Bug/WaterWimpod
63%
#0764FairyComfey
58%
#0756Grass/FairyShiinotic
56%
#0772NormalType: Null
56%
#0775NormalKomala
53%
#0755Grass/FairyMorelull
53%
#0771WaterPyukumuku
53%
#0773NormalSilvally
53%

Score Distribution

Percentile by Number Answered

Percent of People with Each Score

Your Score History

You have not taken this quiz